Sharing transboundary resources (Record no. 3285)
[ view plain ]
| 000 -LEADER | |
|---|---|
| fixed length control field | 01505nam a2200361 a 4500 |
| 082 04 - DEWEY DECIMAL CLASSIFICATION NUMBER | |
| Classification number | 341.762 |
| 100 1# - MAIN ENTRY--AUTHOR NAME | |
| Personal name | Benvenisti, Eyal. |
| 245 10 - TITLE STATEMENT | |
| Title | Sharing transboundary resources |
| 260 ## - PUBLICATION, DISTRIBUTION, ETC. (IMPRINT) | |
| Place of publication | Cambridge : |
| Name of publisher | Cambridge University Press, |
| Year of publication | 2002. |
| 300 ## - PHYSICAL DESCRIPTION | |
| Number of Pages | xix, 276 p. |
| 490 1# - SERIES STATEMENT | |
| Series statement | Cambridge studies in international and comparative law |
| 650 #0 - SUBJECT ADDED ENTRY--TOPICAL TERM | |
| Topical Term | Conservation of natural resources |
| Topical Term | Ecosystem management |
| Topical Term | Transboundary pollution |
| Topical Term | Environmental law, International. |
| 856 40 - ELECTRONIC LOCATION AND ACCESS | |
| Uniform Resource Identifier | http://site.ebrary.com/lib/rucke/Doc?id=10005063 |
No items available.
